Estadísticas para Resultados de la Copa Mundial de Fútbol de 1982

Haz click aquí para intentar la prueba.

Estadísticas generales

  • Esta prueba ha sido intentada 330 veces
  • La puntuación promedio es 17 de 24

Respuestas en el mapa

Las respuestas están codificadas por una escala verde-roja en el mapa de la prueba según el % correcto abajo.
 

Estadísticas de respuestas

Nation% Correcto
Brasil
99%
Argentina
98%
España
98%
Italia
98%
Alemania Occidental
91%
Francia
87%
Inglaterra
86%
Chile
82%
Bélgica
80%
Yugoslavia
80%
Unión Soviética
78%
Perú
72%
Polonia
71%
Hungría
70%
Camerún
66%
Austria
65%
Argelia
62%
Checoslovaquia
61%
Escocia
53%
El Salvador
49%
Honduras
49%
Irlanda del Norte
47%
Nueva Zelanda
39%
Kuwait
32%

Distribución de puntuación

Porcentaje por número respondido

Porcentaje de gente con cada puntuación

Historial de tus puntuaciones

No has intentado esta prueba.